|
|
|
|
| LEADER |
00000cam a2200000 a 4500 |
| 001 |
105896 |
| 003 |
Ucuenca |
| 005 |
20230503070214.0 |
| 008 |
007111|2000 sp |||||r|||||||||||spa|| |
| 020 |
|
|
|a 8479784466
|
| 040 |
|
|
|b spa
|
| 041 |
0 |
|
|a spa
|
| 082 |
0 |
|
|a 340.04
|
| 100 |
1 |
|
|a Peso Navarro, Emilio del.
|9 221456
|
| 245 |
|
|
|a Ley de protección de datos: la nueva LORTAD
|c Emilio del Peso Navarro, Emilio del
|h imp
|
| 264 |
|
|
|a Madrid
|b Ediciones Díaz de Santos
|c 2000
|
| 300 |
|
|
|a xxxiv, 441 páginas:
|c 24 cm
|
| 504 |
|
|
|a incl. ref.
|
| 650 |
1 |
7 |
|a Derecho informático
|9 2080
|
| 650 |
1 |
|
|a Derecho electronico
|9 60972
|
| 650 |
1 |
|
|a Lortad
|9 61014
|
| 650 |
1 |
|
|a Ley de proteccion de datos
|9 61015
|
| 650 |
1 |
0 |
|a Protección de datos
|9 152791
|
| 650 |
1 |
|
|a Seguridad de la informacion
|9 61016
|
| 650 |
1 |
|
|a Movimiento internacional de datos
|9 61017
|
| 650 |
1 |
|
|a Comunidades autonomas
|9 61018
|
| 852 |
|
|
|a UC-CDJBV
|f Compra
|l 1
|m General
|p 20071115
|q 20,00
|r 2
|t 105896
|y 64371
|b 0
|d CDRC
|e CDRC
|g 340.04 PRIMER PISO
|z 2007-71-11
|
| 942 |
|
|
|c BK
|2 ddc
|z diana.fajardo@ucuenca.edu.ec
|
| 999 |
|
|
|c 35720
|d 35720
|